CLASSICAL MECHANICS (Record no. 9287)

MARC details
000 -LEADER
fixed length control field 01114nam a22001697a 4500
003 - CONTROL NUMBER IDENTIFIER
control field SGT
020 ## - INTERNATIONAL STANDARD BOOK NUMBER
International Standard Book Number 9788131758915
082 ## - DEWEY DECIMAL CLASSIFICATION NUMBER
Classification number 531,GOL
100 ## - MAIN ENTRY--PERSONAL NAME
Personal name GOLDSTEIN,HERBERT
245 ## - TITLE STATEMENT
Title CLASSICAL MECHANICS
250 ## - EDITION STATEMENT
Edition statement 3RD
260 ## - PUBLICATION, DISTRIBUTION, ETC. (IMPRINT)
Place of publication, distribution, etc NEW DELHI
Name of publisher, distributor, etc PEARSON
Year of Publication 2016
300 ## - PAGE DESCRIPTION
No. of Pages 646
650 ## - SUBJECT ADDED ENTRY--TOPICAL TERM
Topical term or geographic name as entry element CLASSICAL MECHANICS, PHYSICS
653 ## - KEYWORDS--INDEX TERM
Keyword term 1. SURVEY OF THE ELEMENTARY PRINCIPLES 2. VARIATIONAL PRINCIPLES AND LAGRANGE’S EQUATIONS 3. THE CENTRAL FORCE PROBLEM 4. THE KINEMATICS OF RIGID BODY MOTION 5. THE RIGID BODY EQUATIONS OF MOTION 6. OSCILLATIONS 7. THE CLASSICAL MECHANICS OF THE SPECIAL THEORY OF RELATIVITY 8. THE HAMILTON EQUATIONS OF MOTION 9. CANONICAL TRANSFORMATIONS 10. HAMILTON–JACOBI THEORY AND ACTION-ANGLE VARIABLES 11. CLASSICAL CHAOS 12. CANONICAL PERTURBATION THEORY 13. INTRODUCTION TO THE LAGRANGIAN AND HAMILTONIAN FORMULATIONS FOR CONTINUOUS SYSTEMS AND FIELDS APPENDIX A EULER ANGLES IN ALTERNATE CONVENTIONS AND CAYLEY–KLEIN PARAMETERS APPENDIX B GROUPS AND ALGEBRAS APPENDIX C SOLUTIONS TO SELECT EXERCISES SELECTED BIBLIOGRAPHY AUTHOR INDEX SUBJECT INDEX
942 ## - ADDED ENTRY ELEMENTS (KOHA)
Source of classification or shelving scheme Dewey Decimal Classification
Koha item type FPS Books
942 ## - ADDED ENTRY ELEMENTS (KOHA)
-- 2
Holdings
Withdrawn status Lost status Source of classification or shelving scheme Damaged status Not for loan Collection code Home library Current library Shelving location Date acquired Vendor Name Cost, normal purchase price SGTU Bill Number Total Checkouts Full call number Accession No. (Barcode) Date last seen Date last borrowed Bill Date Koha item type
    Dewey Decimal Classification     SCIENCE SGT Science & Social Sciences Library SGT Science & Social Sciences Library On Display 28/06/2016 AHUJA BOOKS 725.00 SGTU 6680 4 531,GOL PS1483 04/01/2023 21/12/2022 03/03/2016 FPS Books
    Dewey Decimal Classification     SCIENCE SGT Science & Social Sciences Library SGT Science & Social Sciences Library On Display 28/06/2016 AHUJA BOOKS 725.00 SGTU 6680 1 531,GOL PS1484 25/09/2017 08/09/2017 03/03/2016 FPS Books
    Dewey Decimal Classification     SCIENCE SGT Science & Social Sciences Library SGT Science & Social Sciences Library On Display 28/06/2016 SPARCH BOOKS 725.00 SGTU 1285 1 531,GOL PS511 28/09/2017 08/09/2017 21/11/2014 FPS Books
    Dewey Decimal Classification     SCIENCE SGT Science & Social Sciences Library SGT Science & Social Sciences Library On Display 28/06/2016 SPARCH BOOKS 725.00 SGTU 1285 4 531,GOL PS512 17/12/2022 16/12/2022 21/11/2014 FPS Books
    Dewey Decimal Classification     SCIENCE SGT Science & Social Sciences Library SGT Science & Social Sciences Library On Display 28/06/2016 SPARCH BOOKS 725.00 SGTU 1285 3 531,GOL PS513 31/08/2018 14/08/2018 21/11/2014 FPS Books